Five complete Hercule Poirot novels : (Registro nro. 13078)
[ vista simple ]
| 000 -LIDER | |
|---|---|
| fixed length control field | 00877nam a22002417a 4500 |
| 003 - IDENTIFICACDOR DE NÚMERO DE CONTROL | |
| control field | DO-SdBNP |
| 005 - DATE AND TIME OF LATEST TRANSACTION | |
| control field | 20240130123027.0 |
| 008 - ELEMENTOS DE LONGITUD FIJA | |
| fixed length control field | 171124b1980 xx 00| 0 spa d |
| 020 ## - ISBN | |
| International Standard Book Number | 0517035839 |
| 040 ## - FUENTE DE CATALOGACIÓN | |
| Agencia que crea de manera original el registro | BPMSU |
| Idioma de catalogación | spa |
| Agencia que realiza la transcripción | BPMSU |
| 041 17 - CÓDIGOS DE OBRAS TRADUCIDAS O EN VARIOS IDIOMAS | |
| Código del idioma del texto/archivo de sonido o separata | eng |
| 082 ## - NÚMERO DE CLASIFICACIÓN DECIMAL DE DEWEY | |
| Classification number | 823.5 |
| Item number | C555f 1980 |
| Edition number | 22 |
| 100 1# - ASIENTO PRINCIPAL -- NOMBRE PERSONAL | |
| Nombre personal | Christie, Agatha |
| Fechas asociadas con el nombre | 1891-1976 |
| 245 10 - MENCIÓN DE TITULO | |
| Título | Five complete Hercule Poirot novels : |
| Subtítulo | Thirteen at dinner, Murder on the Orient express, The ABC murders, Cards on the table, Death on the Nile/. |
| Mención de responsabilidad | Agatha Christie |
| 300 ## - DESCRIPCIÓN FÍSICA | |
| Extensión | 663 p. ; |
| Dimensiones | 28 cm |
| 505 0# - NOTA DE CONTENIDO | |
| Texto normalizado de contenido | Murder on the Orient express. -- Thirteen at dinner.-- The ABC murders -- Cards on the table -- Death on the Nile |
| 590 ## - NOTA LOCAL | |
| Texto de la nota local | Inventariado, BPMSU /VM |
| 650 #4 - ENCABEZAMIENTO DE MATERIA--TEMÁTICO | |
| Término temático o nombre geográfico como elemento de entrada | Novela inglesa |
| Fuente del encabezamiento o término | |
| 650 #4 - ENCABEZAMIENTO DE MATERIA--TEMÁTICO | |
| Término temático o nombre geográfico como elemento de entrada | Novela policíaca inglesa |
| 650 #4 - ENCABEZAMIENTO DE MATERIA--TEMÁTICO | |
| Término temático o nombre geográfico como elemento de entrada | Asesinato |
| Subdivisión de forma | Novela |
| 910 ## - VALIDACIÓN | |
| Validación | VMateo V. Control de calidad. BPMS |
| 942 ## - ADDED ENTRY ELEMENTS (KOHA) | |
| Source of classification or shelving scheme | Dewey Decimal Classification |
| Koha item type | Libros |
| Withdrawn status | Lost status | Source of classification or shelving scheme | Damaged status | Not for loan | Collection code | Home library | Current library | Date acquired | Source of acquisition | Total Checkouts | Full call number | Barcode | Date last seen | Price effective from | Koha item type |
|---|---|---|---|---|---|---|---|---|---|---|---|---|---|---|---|
| Dewey Decimal Classification | Colección General | Biblioteca Pública Metropolitana Salomé Ureña | Biblioteca Pública Metropolitana Salomé Ureña | 11/24/2017 | Donado | BPMSU CG 823.5 C555f 1980 | BPMSU17110412 | 11/24/2017 | 11/24/2017 | Libros |